| 000 | 004510000a22001810004500 | ||
|---|---|---|---|
| 003 | MACL | ||
| 005 | 20160128132635.0 | ||
| 008 | 160128b xxu||||| |||| 00| 0 eng d | ||
| 040 |
_aMACL _cMACL |
||
| 041 | _aEnglish | ||
| 082 | _a920.71/RAO | ||
| 100 |
_aRadhakrishnah, Dr. S. _923951 |
||
| 245 | _aThe Spitit of Religion | ||
| 260 |
_bHind Pocket Books _c2000 _aDelhi |
||
| 350 | _a95 | ||
| 650 |
_aBiography _934892 |
||
| 942 |
_cBK _k920.71/Rad _2ddc |
||
| 999 |
_c31082 _d31082 |
||